| 000 | 00410nam a2200097Ia 4500 | ||
|---|---|---|---|
| 008 | 180130s9999 xx 000 0 und d | ||
| 245 |
_cAjangnay, Martino O.A. _aHybrid time-frequency domain adaptive filtering algorithm for eletrodynamic-shaker control |
||
| 260 | _c2016 | ||
| 300 | _aBook title: Innovations in computer science and engineering--Acession number C20551; pages 129-143 | ||
| 650 | _aCOMPUTER SCIENCE | ||
| 999 |
_c353748 _d353748 |
||